Jazyk francúzsky dialógy v ekonomických profesiách

Uložené v:
Podrobná bibliografia
Korporativný autor: Vysoká škola ekonomická v Bratislave. Obchodná fakulta
Médium: Kniha
Jazyk:Slovak
Vydavateľské údaje: Bratislava VŠE 1990
Tagy: Pridať tag
Žiadne tagy, Buďte prvý, kto otaguje tento záznam!

MARC

LEADER 00000nam a2200000 4500
001 c025293
005 20260325073533.8
041 0 |a slo 
044 |a SK 
245 1 0 |a Jazyk francúzsky  |b dialógy v ekonomických profesiách 
264 1 |a Bratislava  |b VŠE  |c 1990 
300 |a 136 s. 
710 2 |a Vysoká škola ekonomická v Bratislave. Obchodná fakulta